| 000 | 00458cam a2200181ua 4500 | ||
|---|---|---|---|
| 020 |
_a0-07-016192-5 _c$71.50 |
||
| 041 |
_aeng _h |
||
| 082 |
_a028.7154 _bLAN/LA |
||
| 100 | _aLange, . | ||
| 245 |
_aLange`s handbook of chemistry / _cLange. _hTextual Documents |
||
| 250 |
_a13 / _b. |
||
| 260 |
_aNew York : _bMcGraw Hill Book Company , _c1972. |
||
| 300 | _a2147 ; . | ||
| 365 | _a$71.50 | ||
| 504 | _a | ||
| 942 | _cBK | ||
| 999 |
_c5385 _d5385 |
||